Surnom des iles - Statistiques

Statistiques générales
  • Ce quiz a été pris 141 fois
  • Le résultat moyen est 6 sur 14
Statistiques - réponses
Surnom Ile % Correct
L'île de Beauté Corse
87%
La perle de l'Océan Indien Sri Lanka
65%
L'île blanche
62%
L'île papillon Guadeloupe
60%
L'île aux fleurs Martinique
56%
L'île intense Reunion
53%
L'ile rouge Madagascar
46%
L'île aux trésors Crète
44%
L'île aux parfums Mayotte
35%
L'île lumineuse Oleron
29%
L'île des dieux Bali
26%
L'île aux cents moulins Marie Galante
19%
Perle des iles d'or Porquerolles
13%
L'île aux oiseaux Wadden
1%
Aucun quiz correspondant
Distribution des résultats
% des personnes avec chaque résultat
Percentile par nombre de réponses
Votre historique - résultats
Vous n’avez pas pris ce quiz